000 00388nam a22001577a 4500
003 MPLRDC
005 20220104125333.0
008 210129b ||||| |||| 00| 0 eng d
082 _a857.9 YZYa v.1
100 _a云中扬
245 _a沥血江湖. 上
_c
260 _a
_b文天出版股份有限公司
_c1985
300 _b
650 _a武侠小说
942 _cBK
_o857.9 YZYa v.1
999 _c26560
_d26550